Guia-manual geografico-descriptivo de la provincia de Guipuzcoa, con curiosisimas noticias acerca de sus mas importantes villas... (Record no. 158638)

MARC details
000 -LEADER
campo de control de longitud fija 00734nam a22001695i 4500
001 - NÚMERO DE CONTROL
campo de control 158638
003 - IDENTIFICADOR DE NÚMERO DE CONTROL
campo de control ES-MaACL
005 - FECHA Y HORA DE LA ÚLTIMA TRANSACCIÓN
campo de control 20230906211242.0
008 - DATOS DE LONGITUD FIJA--INFORMACIÓN GENERAL
campo de control de longitud fija 960918s1871 sp |||| | spa d
040 ## - FUENTE DE CATALOGACIÓN
Centro catalogador/agencia de origen EUS
Lengua de catalogación spa
Centro/agencia transcriptor EUS
100 1# - ENTRADA PRINCIPAL--NOMBRE DE PERSONA
Nombre de persona Manterola, José (
Fechas asociadas al nombre 1849-1884)
9 (RLIN) 129425
245 10 - MENCIÓN DEL TÍTULO
Título Guia-manual geografico-descriptivo de la provincia de Guipuzcoa, con curiosisimas noticias acerca de sus mas importantes villas...
Resto del título : acompañado de un completo guia historico-descriptivo de la ciudad de San Sebastian... /
Mención de responsabilidad, etc. por J. Manterola.
260 ## - PUBLICACIÓN, DISTRIBUCIÓN, ETC.
Lugar de publicación, distribución, etc. [S.l.] :
Nombre del editor, distribuidor, etc. [s.n.],
Fecha de publicación, distribución, etc. 1871 (
Lugar de fabricación/manufactura San Sebastian :
Fabricante Imprenta de José Maria Arzanegui)
300 ## - DESCRIPCIÓN FÍSICA
Extensión 334, [2] p. ;
Dimensiones 18 cm.
597 ## - NOTA DE DESCRIPCIÓN FÍSICA
NOTA DE DESCRIPCIÓN FÍSICA Antep.
852 ## - LOCALIZACIÓN
Ubicación ES-MaACL
Número de control de estantería D-2572
Nota libre -- Enc. hol.
Holdings
Estatus retirado Estado de pérdida Estado de daño No para préstamo Colección Biblioteca de origen Biblioteca actual Ubicación en estantería Fecha de adquisición Fuente de adquisición Total de préstamos Signatura topográfica completa Código de barras Visto por última vez Precio de reemplazo Tipo de ítem Koha
        Libros del s. XIX Biblioteca del Ateneo de Madrid Biblioteca del Ateneo de Madrid Sala Valle Inclán 17/01/2008     D-2572 901166045 23/02/2023 23/02/2023 Libro impreso antiguo